000 01612nam a2200361 a 4500
001 ebr10524255
003 CaPaEBR
006 m u
007 cr cn|||||||||
008 120214s2011 ne sb 001 0 eng d
010 _z 2011938834
020 _z9781607508274
020 _z9781607508281 (e-book)
040 _aCaPaEBR
_cCaPaEBR
035 _a(OCoLC)772636235
050 1 4 _aTK5105.59
_b.U84 2011eb
245 0 0 _aUse of risk analysis in computer-aided persuasion
_h[electronic resource] /
_cedited by Ekrem Duman and Amir F. Atiya.
260 _aAmsterdam ;
_aWashington, D.C. :
_bIOS Press,
_cc2011.
300 _aviii, 337 p.
490 1 _aNATO science for peace and security series. E, Human and societal dynamics,
_x1874-6276 ;
_vv. 88
504 _aIncludes bibliographical references and indexes.
505 0 _apt. 1. Fraud and financial -- pt. 2. Threats to security/economic entities -- pt. 3. Networks/IT.
533 _aElectronic reproduction.
_bPalo Alto, Calif. :
_cebrary,
_d2013.
_nAvailable via World Wide Web.
_nAccess may be limited to ebrary affiliated libraries.
650 0 _aComputer networks
_xSecurity measures.
650 0 _aNational security
_xRisk assessment.
650 0 _aData protection.
655 7 _aElectronic books.
_2local
700 1 _aDuman, Ekrem.
700 1 _aAtiya, Amir F.
710 2 _aebrary, Inc.
830 0 _aNATO science for peace and security series.
_nE,
_pHuman and societal dynamics ;
_vv. 88.
856 4 0 _uhttp://site.ebrary.com/lib/rucke/Doc?id=10524255
_zAn electronic book accessible through the World Wide Web; click to view
999 _c238820
_d238820